History Quiz

Random History or Politics Quiz

US Secretaries of Labor Quiz Stats

 Plays Quiz not verified by Sporcle

Challenge
Share
Tweet
Embed
Score 0/25 Timer 10:00
0 Plays Today
Secretary of Labor % Correct
Hilda Solis
62.5%
Robert Reich
50%
Elaine Chao
50%
Elizabeth Dole
25%
James Davis
12.5%
Francis Perkins
12.5%
Arthur Goldberg
12.5%
George Shultz
12.5%
Raymond Donovan
12.5%
Ann Dore McLaughlin
12.5%
William Wilson
0%
William Doak
0%
Lewis Schwellinbach
0%
Secretary of Labor % Correct
Maurice Tobin
0%
Martin Durkin
0%
James Mitchell
0%
William Willard Wirtz
0%
Peter Brennan
0%
James Hodgson
0%
John Thomas Dunlop
0%
William Usery
0%
Ray Marshall
0%
William Brock
0%
Lynn Morely Martin
0%
Alexis Herman
0%

You're not logged in!

Compare scores with friends on all Sporcle quizzes.
Join for Free
OR
Log In

You Might Also Like...

Show Comments

Extras

Top Quizzes Today


Score Distribution

Your Account Isn't Verified!

In order to create a playlist on Sporcle, you need to verify the email address you used during registration. Go to your Sporcle Settings to finish the process.

Report this User

Report this user for behavior that violates our Community Guidelines.

Details: